Loading...
| Science - Physics | 0 | 8 | 0 | 0 | 80 | 50 | 67.13 | 5 | 8 | 0.00 | 0.00 |
| Literature - British | 0 | 6 | 1 | 1 | 55 | 60 | 104.00 | 2 | 6 | 0.00 | 0.00 |
| Literature - American | 0 | 6 | 1 | 1 | 55 | 66 | 106.67 | 3 | 6 | 0.00 | 0.00 |
| Fine Arts - Other | 0 | 5 | 0 | 1 | 50 | 97 | 125.60 | 2 | 2 | 0.00 | 0.00 |
| Literature - European | 0 | 5 | 1 | 0 | 45 | 51 | 107.80 | 1 | 4 | 0.00 | 0.00 |
| Science - Other | 0 | 4 | 1 | 0 | 35 | 34 | 60.75 | 4 | 4 | 0.00 | 0.00 |
| Philosophy | 0 | 4 | 1 | 0 | 35 | 69 | 78.25 | 3 | 4 | 0.00 | 0.00 |
| Religion | 0 | 3 | 0 | 0 | 30 | 76 | 98.33 | 2 | 3 | 0.00 | 0.00 |
| Science - Chemistry | 0 | 3 | 0 | 1 | 30 | 67 | 100.33 | 0 | 2 | 0.00 | 0.00 |
| History - American | 0 | 3 | 1 | 0 | 25 | 54 | 65.00 | 2 | 3 | 0.00 | 0.00 |
| History - World | 0 | 2 | 0 | 0 | 20 | 31 | 66.00 | 1 | 2 | 0.00 | 0.00 |
| Science - Biology | 0 | 2 | 0 | 0 | 20 | 70 | 72.50 | 2 | 2 | 0.00 | 0.00 |
| Literature - World/Other | 0 | 2 | 0 | 0 | 20 | 84 | 86.00 | 1 | 2 | 0.00 | 0.00 |
| Social Science | 0 | 2 | 1 | 0 | 15 | 76 | 83.50 | 1 | 2 | 0.00 | 0.00 |
| History - European | 0 | 1 | 0 | 1 | 10 | 127 | 127.00 | 0 | 1 | 0.00 | 0.00 |
| Pop Culture | 0 | 1 | 0 | 0 | 10 | 55 | 55.00 | 0 | 1 | 0.00 | 0.00 |
| Geography/Current Events | 0 | 1 | 0 | 0 | 10 | 72 | 72.00 | 0 | 1 | 0.00 | 0.00 |
| Fine Arts - Classical Music | 0 | 2 | 2 | 0 | 10 | 100 | 114.00 | 2 | 2 | 0.00 | 0.00 |
| History - Other | 0 | 1 | 1 | 0 | 5 | 69 | 69.00 | 0 | 1 | 0.00 | 0.00 |
| Fine Arts - Visual | 0 | 1 | 1 | 0 | 5 | 75 | 75.00 | 1 | 1 | 0.00 | 0.00 |
| Mythology | 0 | 0 | 1 | 0 | -5 | 0.00 | 0 | 0 | 0.00 | 0.00 |